000 00572nam a2200241Ia 4500
005 20260306150814.0
008 008 260114s9999 xx 000 0 eng d
020 _a9781805434283
037 _aEbook
040 _aCRL
040 _beng
040 _cCRL
041 _2eng
041 _aeng
084 _qCRL
245 0 _aMedieval Manuscripts, Readers and Texts
260 _bBoydell and Brewer
260 _c2024
650 _aLiterary Studies
856 _uhttps://www.degruyter.com/isbn/9781805434283
942 _cEBOOK
999 _c1699777
_d1699777